Gaming Quiz

Random Gaming or Clickable Quiz
Score 0/24 Timer 02:00
2 Plays Today
% Correct
Hide And
98.2%
Cops
97.9%
Rock Paper
97.7%
Pin The Tail
97.3%
London Bridge
97.2%
Simon
96.8%
Marco
96.7%
Duck Duck
95.8%
Musical
95.6%
Ring Around
95.1%
Leap
95%
Hot
94.9%
% Correct
Red Light
94.9%
King
93.4%
I
93.3%
Blind Man's
92.1%
Patty
92.1%
Double
92%
Cat's
91.3%
Kick
91.1%
Red
90.5%
Mother
89.9%
Freeze
89.2%
Thumb
89%
Remove Ads.
Support Sporcle.
Get the best of Sporcle when you Go Orange. This ad-free experience offers more features, more stats, and more fun while also helping to support Sporcle. Thank you for becoming a member.

You're not logged in!

Compare scores with friends on all Sporcle quizzes.
OR
Log In

Show Comments

Extras

Top Quizzes Today


Score Distribution

Your Account Isn't Verified!

In order to create a playlist on Sporcle, you need to verify the email address you used during registration. Go to your Sporcle Settings to finish the process.

Report this User

Report this user for behavior that violates our Community Guidelines.

Details: